000
00268nam a2200109Ia 4500
008
230907s9999||||xx |||||||||||||| ||und||
082
_a
616.08
_b
TAY
100
_a
Taylor, Shelley E.,
_9
80099
245
0
_a
Health psychology /
300
_a
xx, 444 pages :
942
_c
BK
999
_c
600996
_d
600996